[Event "Barcelona 150 aniversity 2"]
[Site "Barcelona"]
[Date "2019.06.14"]
[Round "8.4"]
[White "Montserrat Rubia, Angel"]
[Black "Orriols Codina, Joan"]
[Result "1-0"]
[WhiteElo "1639"]
[BlackElo "1669"]
[PlyCount "48"]
[EventDate "2019.04.26"]
[EventType "swiss"]
[EventRounds "9"]
[EventCountry "ESP"]
[SourceTitle "EXT 2024"]
[Source "ChessBase"]
[SourceDate "2023.10.10"]
[SourceVersion "1"]
[SourceVersionDate "2023.10.10"]
[SourceQuality "1"]

1. d4 Nf6 2. c4 c5 3. d5 b5 4. cxb5 a6 5. f3 axb5 6. e4 b4 7. e5 Ng8 8. f4 Ba6 9. Bxa6 Rxa6 10. Nf3 g6 11. Be3 d6 12. 0-0 Bg7 13. Qe2 Nh6 14. Qb5+ Kf8 15. Rd1 Ra8 16. Nbd2 Nf5 17. Bf2 Nd7 18. Qe2 Nb6 19. Ne4 h5 20. Neg5 Kg8 21. e6 Nh6 22. exf7+ Nxf7 23. Nxf7 Kxf7 24. Ng5+ Ke8 1-0

[Event "Barcelona 150 aniversity 2"]
[Site "Barcelona"]
[Date "2019.05.31"]
[Round "6.5"]
[White "Montserrat Rubia, Angel"]
[Black "Garcia Miralles, Eduard"]
[Result "0-1"]
[WhiteElo "1639"]
[BlackElo "1543"]
[PlyCount "58"]
[EventDate "2019.04.26"]
[EventType "swiss"]
[EventRounds "9"]
[EventCountry "ESP"]
[SourceTitle "EXT 2024"]
[Source "ChessBase"]
[SourceDate "2023.10.10"]
[SourceVersion "1"]
[SourceVersionDate "2023.10.10"]
[SourceQuality "1"]

1. Nf3 Nf6 2. g3 d5 3. Bg2 Bg4 4. d4 e6 5. c4 c6 6. 0-0 Bd6 7. cxd5 exd5 8. Nc3 0-0 9. Bg5 Nbd7 10. Qb3 Qb6 11. Qxb6 axb6 12. Ne5 Nxe5 13. Bxf6 Nc4 14. b3 gxf6 15. bxc4 Bb4 16. Rfc1 dxc4 17. f3 Bxc3 18. Rxc3 Be6 19. e4 b5 20. Rcc1 Rfd8 21. Rd1 b4 22. f4 c3 23. d5 cxd5 24. exd5 Bf5 25. Kf2 Ra5 26. h3 Rda8 27. Ke3 b3 28. a3 b2 29. Ra2 c2 0-1

[Event "Montcada op-C 25th"]
[Site "Montcada"]
[Date "2017.07.01"]
[Round "7"]
[White "Montserrat Rubia, Angel"]
[Black "Tortosa Moros, Joan"]
[Result "0-1"]
[WhiteElo "1674"]
[BlackElo "1590"]
[PlyCount "102"]
[EventDate "2017.06.26"]
[EventType "swiss"]
[EventRounds "9"]
[EventCountry "ESP"]
[SourceTitle "EXT 2018"]
[Source "ChessBase"]
[SourceDate "2017.10.13"]
[SourceVersion "1"]
[SourceVersionDate "2017.10.13"]
[SourceQuality "1"]

1. c4 Nf6 2. Nc3 e6 3. d4 Bb4 4. Qc2 b6 5. e4 c5 6. d5 Qe7 7. Bd3 exd5 8. cxd5 Nxd5 9. Bd2 Bxc3 10. Bxc3 Nxc3 11. Qxc3 0-0 12. Ne2 Bb7 13. Ng3 g6 14. 0-0 Nc6 15. f3 Qe5 16. Qxe5 Nxe5 17. Be2 Nc6 18. Bb5 Rad8 19. Bxc6 Bxc6 20. Rfd1 d5 21. exd5 Bxd5 22. b3 c4 23. bxc4 Bxc4 24. a3 f5 25. Nf1 Rfe8 26. Rxd8 Rxd8 27. Ne3 Bf7 28. Rd1 Re8 29. Kf2 Re7 30. Nd5 Bxd5 31. Rxd5 Kg7 32. g3 Kh6 33. h3 Kg7 34. Rd6 Kf7 35. f4 Ke8 36. Rd3 Rd7 37. Re3+ Re7 38. Rd3 Re6 39. Rd4 b5 40. Rd3 Ke7 41. Rc3 Kd7 42. Rd3+ Rd6 43. Rc3 Re6 44. Rd3+ Kc7 45. Rc3+ Kb6 46. Rc8 a6 47. Rc3 a5 48. Rb3 Re4 49. Kf3 b4 50. a4 Kc5 51. Rb1 Kc4 0-1

[Event "Montcada op-C 25th"]
[Site "Montcada"]
[Date "2017.06.26"]
[Round "1"]
[White "Montserrat Rubia, Angel"]
[Black "Perez Serrallonga, Maxima"]
[Result "1-0"]
[WhiteElo "1674"]
[BlackElo "1366"]
[PlyCount "139"]
[EventDate "2017.06.26"]
[EventType "swiss"]
[EventRounds "9"]
[EventCountry "ESP"]
[SourceTitle "EXT 2018"]
[Source "ChessBase"]
[SourceDate "2017.10.13"]
[SourceVersion "1"]
[SourceVersionDate "2017.10.13"]
[SourceQuality "1"]

1. Nf3 d5 2. d4 e6 3. Bf4 Nf6 4. e3 c5 5. c3 Nc6 6. Bd3 Be7 7. Nbd2 0-0 8. 0-0 c4 9. Bc2 b5 10. e4 dxe4 11. Nxe4 Nd5 12. Bd2 f5 13. Neg5 h6 14. Nh3 Nf6 15. Nf4 Ne4 16. Bxe4 fxe4 17. Ne1 Bd6 18. Ng6 Rf6 19. Ne5 Nxe5 20. dxe5 Bxe5 21. Qc2 Bb7 22. Rd1 Qc7 23. g3 Raf8 24. Be3 Bd6 25. Ng2 Bc5 26. Bxc5 Qxc5 27. Qd2 Bd5 28. Nf4 Rf5 29. Qc2 Rg5 30. Ne2 e3 31. Nd4 exf2+ 32. Rxf2 Rxf2 33. Qxf2 e5 34. Nf3 Qxf2+ 35. Kxf2 Bxf3 36. Kxf3 Rf5+ 37. Ke2 Kh7 38. Rd5 a6 39. Rd6 a5 40. Rd5 b4 41. Rxa5 bxc3 42. bxc3 Rh5 43. h4 Kg6 44. Rc5 Kf6 45. a4 Rf5 46. a5 Ke6 47. a6 Rf8 48. Rxc4 Ra8 49. Ra4 Kd6 50. a7 Kc6 51. Ke3 Kb6 52. Ke4 Rxa7 53. Rxa7 Kxa7 54. Kxe5 Kb6 55. h5 Kc5 56. Ke6 Kc4 57. Kf7 Kxc3 58. Kxg7 Kd4 59. Kxh6 Ke5 60. Kg7 Kf5 61. h6 Kg5 62. h7 Kg4 63. h8Q Kxg3 64. Qf8 Kg4 65. Kg6 Kg3 66. Kg5 Kh3 67. Kf4 Kg2 68. Ke3 Kh3 69. Kf3 Kh4 70. Qh6# 1-0

[Event "Sabadell op-B 9th"]
[Site "Sabadell"]
[Date "2016.09.01"]
[Round "1"]
[White "Fernandez Aguilar, Francisco"]
[Black "Montserrat Rubia, Angel"]
[Result "1-0"]
[WhiteElo "2051"]
[BlackElo "1649"]
[PlyCount "57"]
[EventDate "2016.09.01"]
[EventType "swiss"]
[EventRounds "9"]
[EventCountry "ESP"]
[SourceTitle "CBM 174 Extra"]
[Source "ChessBase"]
[SourceDate "2016.10.10"]
[SourceVersion "1"]
[SourceVersionDate "2016.10.10"]
[SourceQuality "1"]

1. d4 Nf6 2. Nf3 d6 3. Bf4 g6 4. h3 Bg7 5. e3 0-0 6. Be2 Bf5 7. 0-0 Nc6 8. c4 Ne4 9. Bh2 e5 10. d5 Ne7 11. Nfd2 c5 12. dxc6 Nxc6 13. Nxe4 Bxe4 14. Nc3 Bf5 15. Nb5 e4 16. Bxd6 Qg5 17. Bf4 Qf6 18. Nc3 Rad8 19. Qc1 Nb4 20. Rd1 Nd3 21. Bxd3 exd3 22. Nd5 Qe6 23. f3 Bxh3 24. Rxd3 Bf5 25. e4 Rxd5 26. cxd5 Qb6+ 27. Be3 Bxb2 28. Bxb6 Bc8 29. Qd1 1-0

[Event "Igualada op 11th"]
[Site "Igualada"]
[Date "2016.02.26"]
[Round "7"]
[White "Casasampera Boada, Joaquim"]
[Black "Montserrat Rubia, Angel"]
[Result "1-0"]
[WhiteElo "1825"]
[BlackElo "1675"]
[PlyCount "49"]
[EventDate "2016.01.16"]
[EventType "swiss"]
[EventRounds "8"]
[EventCountry "ESP"]
[SourceTitle "EXT 2017"]
[Source "ChessBase"]
[SourceDate "2016.10.25"]
[SourceVersion "1"]
[SourceVersionDate "2016.10.25"]
[SourceQuality "1"]

1. d4 d5 2. c4 e6 3. Nc3 Nf6 4. Nf3 Be7 5. e3 Nbd7 6. Bd3 b6 7. cxd5 exd5 8. Bd2 0-0 9. 0-0 Bb7 10. Qc2 c5 11. Rac1 cxd4 12. exd4 Rc8 13. Bf4 Ne4 14. Qb3 Nxc3 15. bxc3 Nf6 16. Rfe1 Ne4 17. c4 dxc4 18. Bxc4 Ng5 19. Ne5 Rxc4 20. Qxc4 Ne6 21. Nxf7 Qxd4 22. Qxd4 Nxd4 23. Rxe7 Rxf7 24. Rxf7 Kxf7 25. Rc7+ 1-0

[Event "Manresa op 31st"]
[Site "Manresa"]
[Date "2014.11.08"]
[Round "7"]
[White "Oliveres Puigdellivol, Ignaci"]
[Black "Montserrat Rubia, Angel"]
[Result "1-0"]
[WhiteElo "1897"]
[BlackElo "1955"]
[PlyCount "62"]
[EventDate "2014.09.20"]
[EventType "swiss"]
[EventRounds "8"]
[EventCountry "ESP"]
[SourceTitle "EXT 2016"]
[Source "ChessBase"]
[SourceDate "2015.10.08"]
[SourceVersion "1"]
[SourceVersionDate "2015.10.08"]
[SourceQuality "1"]

1. e4 e5 2. Nf3 Nc6 3. Bb5 Nd4 4. Nxd4 exd4 5. c3 Qg5 6. Be2 d3 7. Bf3 Bc5 8. b4 Bb6 9. Na3 d5 10. 0-0 Be6 11. exd5 Bxd5 12. Bxd5 Qxd5 13. c4 Qd4 14. Rb1 Nf6 15. c5 0-0 16. cxb6 axb6 17. Nb5 Qf4 18. h3 Rfe8 19. Nc3 Re5 20. Qf3 Qxf3 21. gxf3 Rae8 22. Bb2 Rf5 23. Rbe1 Rfe5 24. Rxe5 Rxe5 25. Ne4 Re6 26. Nxf6+ gxf6 27. Bd4 b5 28. Rc1 c6 29. Kg2 Kg7 30. Rc3 Rd6 31. Rxd3 Kg6 1-0

[Event "Manresa op 31st"]
[Site "Manresa"]
[Date "2014.10.18"]
[Round "5"]
[White "Gabarro Servitja, Pau"]
[Black "Montserrat Rubia, Angel"]
[Result "0-1"]
[WhiteElo "1700"]
[BlackElo "1955"]
[PlyCount "117"]
[EventDate "2014.09.20"]
[EventType "swiss"]
[EventRounds "8"]
[EventCountry "ESP"]
[SourceTitle "EXT 2016"]
[Source "ChessBase"]
[SourceDate "2015.10.08"]
[SourceVersion "1"]
[SourceVersionDate "2015.10.08"]
[SourceQuality "1"]

1. e4 d6 2. d4 Nf6 3. Nc3 g6 4. Bg5 Bg7 5. e5 Nfd7 6. exd6 cxd6 7. Nf3 0-0 8. Bc4 Nb6 9. Bb3 Bg4 10. Qd3 Nc6 11. d5 Bxf3 12. Qxf3 Nd4 13. Qd3 Qd7 14. 0-0 a5 15. a4 Rac8 16. Be3 Nxb3 17. cxb3 Na8 18. Rac1 Qg4 19. Qb5 b6 20. h3 Qh4 21. Rc2 Bh6 22. Bxh6 Qxh6 23. Rfc1 Rc5 24. Qd7 Qg5 25. Qg4 Qxg4 26. hxg4 Rfc8 27. Rd1 Nc7 28. Rcd2 Ne8 29. f3 Nf6 30. Kf2 Kg7 31. Ke3 h5 32. g5 Nh7 33. f4 f6 34. Ne4 Rc2 35. gxf6+ Nxf6 36. Ng5 Ng4+ 37. Ke2 Kf6 38. Ne6 Nh6 39. Kd3 Rxd2+ 40. Rxd2 Rc1 41. Ke3 Nf5+ 42. Kf3 Rg1 43. Kf2 Rc1 44. Kf3 Rf1+ 45. Ke2 Ng3+ 46. Ke3 Rb1 47. Kf3 Nf5 48. Kf2 Ng7 49. Nxg7 Kxg7 50. Re2 Kf6 51. g3 Rd1 52. Re6+ Kf7 53. Re2 Rxd5 54. Kf3 Rd3+ 55. Re3 Rxe3+ 56. Kxe3 Ke6 57. Kd4 Kf5 58. Ke3 Kg4 59. Kf2 0-1

[Event "Manresa op 31st"]
[Site "Manresa"]
[Date "2014.10.11"]
[Round "4"]
[White "Montserrat Rubia, Angel"]
[Black "Colom Serra, Oriol"]
[Result "0-1"]
[WhiteElo "1955"]
[BlackElo "1809"]
[PlyCount "74"]
[EventDate "2014.09.20"]
[EventType "swiss"]
[EventRounds "8"]
[EventCountry "ESP"]
[SourceTitle "EXT 2016"]
[Source "ChessBase"]
[SourceDate "2015.10.08"]
[SourceVersion "1"]
[SourceVersionDate "2015.10.08"]
[SourceQuality "1"]

1. d4 f5 2. e4 fxe4 3. Nc3 Nf6 4. Qe2 d5 5. Bg5 Bg4 6. Qb5+ Nc6 7. Bxf6 exf6 8. Nxd5 Qd7 9. Be2 0-0-0 10. Ne3 Bxe2 11. Nxe2 g6 12. 0-0-0 Bh6 13. Kb1 a6 14. Qa4 Bxe3 15. fxe3 Qg4 16. Nf4 g5 17. h3 Qf5 18. g4 Qd7 19. Ne2 h5 20. d5 hxg4 21. Nc3 Ne5 22. Qxd7+ Nxd7 23. hxg4 Ne5 24. Rhg1 Nc4 25. Nxe4 Nxe3 26. Rde1 Nxd5 27. c4 Nb6 28. b3 Nd7 29. Ref1 Rh6 30. Kc2 c6 31. Nd6+ Kc7 32. Nf7 Rh2+ 33. Kc3 Rf8 34. Nxg5 fxg5 35. a4 Rxf1 36. Rxf1 Rg2 37. Rf7 Rxg4 0-1

[Event "Manresa op 31st"]
[Site "Manresa"]
[Date "2014.10.04"]
[Round "3"]
[White "Catala Morales, Joaquim"]
[Black "Montserrat Rubia, Angel"]
[Result "0-1"]
[WhiteElo "1741"]
[BlackElo "1955"]
[PlyCount "99"]
[EventDate "2014.09.20"]
[EventType "swiss"]
[EventRounds "8"]
[EventCountry "ESP"]
[SourceTitle "EXT 2016"]
[Source "ChessBase"]
[SourceDate "2015.10.08"]
[SourceVersion "1"]
[SourceVersionDate "2015.10.08"]
[SourceQuality "1"]

1. e4 e5 2. Nf3 Nc6 3. Bb5 a6 4. Ba4 Nf6 5. 0-0 Be7 6. Re1 b5 7. Bb3 0-0 8. c3 d5 9. d4 exd4 10. e5 Ne4 11. cxd4 Bg4 12. Be3 Na5 13. Nbd2 Bb4 14. Re2 Bxd2 15. Bxd2 Nxb3 16. Qxb3 a5 17. Rd1 Qd7 18. Bf4 a4 19. Qe3 Rac8 20. Rc1 Rfe8 21. Rec2 Nd6 22. Qc3 Nc4 23. Ne1 Bf5 24. Nd3 Qe6 25. f3 Qg6 26. Rd1 b4 27. Qxb4 Bxd3 28. Rf2 Rb8 29. Qc3 Bf5 30. b3 axb3 31. axb3 Nb6 32. Qxc7 Rec8 33. Qd6 Qxd6 34. exd6 Nd7 35. Re1 Be6 36. Rb2 Rc3 37. Ra1 Rcxb3 38. Rxb3 Rxb3 39. Ra8+ Rb8 40. Ra7 h6 41. g4 g5 42. Be5 Kh7 43. Kf2 Kg6 44. Kg3 f6 45. f4 gxf4+ 46. Bxf4 Rb3+ 47. Kh4 Rd3 48. Ra4 f5 49. g5 hxg5+ 50. Bxg5 0-1

[Event "Moia op 2nd"]
[Site "Moia"]
[Date "2013.11.08"]
[Round "7"]
[White "Montserrat Rubia, Angel"]
[Black "Mas Sayos, Lluis"]
[Result "1-0"]
[WhiteElo "1737"]
[BlackElo "1711"]
[PlyCount "111"]
[EventDate "2013.09.20"]
[EventType "swiss"]
[EventRounds "8"]
[EventCountry "ESP"]
[SourceTitle "EXT 2015"]
[Source "ChessBase"]
[SourceDate "2014.11.20"]
[SourceVersion "1"]
[SourceVersionDate "2014.11.20"]
[SourceQuality "1"]

1. d4 Nf6 2. c4 e6 3. Nc3 Bb4 4. Qc2 c5 5. a3 Bxc3+ 6. bxc3 d5 7. Nf3 0-0 8. Bg5 Nbd7 9. Ne5 Qc7 10. Nxd7 Nxd7 11. e3 Nb6 12. Bf4 Qe7 13. Bd3 f5 14. cxd5 exd5 15. 0-0 Be6 16. Be5 c4 17. Be2 Nd7 18. f4 Nf6 19. Bxf6 Qxf6 20. Rf3 Rf7 21. Rh3 b5 22. g4 g5 23. fxg5 Qxg5 24. Rg3 f4 25. exf4 Rxf4 26. Qc1 Raf8 27. Qe3 Qg6 28. Rf1 Re4 29. Rxf8+ Kxf8 30. Qf2+ Ke7 31. h3 Qg5 32. Rf3 h5 33. Qh2 Kd7 34. Qb8 Qc1+ 35. Kf2 Qxa3 36. Qb7+ Kd6 37. Rf8 Qa5 38. Qb8+ Qc7 39. Qxc7+ Kxc7 40. gxh5 Rh4 41. Bg4 Bxg4 42. hxg4 Rxg4 43. Kf3 Rg7 44. Rh8 Rg1 45. h6 Rh1 46. h7 a5 47. Ra8 b4 48. h8Q Rxh8 49. Rxh8 b3 50. Ke3 b2 51. Rh1 a4 52. Kd2 Kb6 53. Kc2 a3 54. Kb1 Kb5 55. Ka2 Ka4 56. Rb1 1-0

[Event "Moia op 2nd"]
[Site "Moia"]
[Date "2013.09.27"]
[Round "2"]
[White "Simon del Sol, Jaume"]
[Black "Montserrat Rubia, Angel"]
[Result "1-0"]
[WhiteElo "1983"]
[BlackElo "1737"]
[PlyCount "55"]
[EventDate "2013.09.20"]
[EventType "swiss"]
[EventRounds "8"]
[EventCountry "ESP"]
[SourceTitle "EXT 2015"]
[Source "ChessBase"]
[SourceDate "2014.11.20"]
[SourceVersion "1"]
[SourceVersionDate "2014.11.20"]
[SourceQuality "1"]

1. b3 Nf6 2. Bb2 e6 3. e3 d5 4. Nf3 Be7 5. c4 0-0 6. Be2 c5 7. 0-0 b6 8. cxd5 exd5 9. d4 Bb7 10. Nc3 Nc6 11. dxc5 bxc5 12. Na4 Rc8 13. Rc1 Na5 14. Bxf6 gxf6 15. Nh4 d4 16. exd4 cxd4 17. Rxc8 Bxc8 18. Bd3 Kg7 19. Qh5 Rh8 20. Rc1 Be6 21. Nf5+ Bxf5 22. Bxf5 d3 23. Qg4+ Kh6 24. Rc3 Rg8 25. Qh4+ Kg7 26. Qxh7+ Kf8 27. Qh6+ Ke8 28. Rxd3 1-0

[Event "Moia op 2nd"]
[Site "Moia"]
[Date "2013.09.20"]
[Round "1"]
[White "Montserrat Rubia, Angel"]
[Black "Genis Traveria, Ferran"]
[Result "1-0"]
[WhiteElo "1737"]
[BlackElo "1700"]
[PlyCount "55"]
[EventDate "2013.09.20"]
[EventType "swiss"]
[EventRounds "8"]
[EventCountry "ESP"]
[SourceTitle "EXT 2015"]
[Source "ChessBase"]
[SourceDate "2014.11.20"]
[SourceVersion "1"]
[SourceVersionDate "2014.11.20"]
[SourceQuality "1"]

1. Nf3 d5 2. d4 Nc6 3. Bf4 Bf5 4. e3 f6 5. c3 a6 6. Bd3 e6 7. Bxf5 exf5 8. 0-0 g5 9. Bg3 Bd6 10. Bxd6 Qxd6 11. Nbd2 0-0-0 12. c4 g4 13. c5 Qd7 14. Ne1 Nh6 15. Nd3 Rde8 16. Nf4 Qf7 17. Rc1 Rhg8 18. Rc3 Rd8 19. Qa4 Qg7 20. b4 g3 21. fxg3 Rge8 22. b5 axb5 23. Qxb5 Na7 24. Qa5 Nc6 25. Qa8+ Kd7 26. Qxb7 Na5 27. c6+ Kd6 28. Qb4# 1-0

[Event "Vilafranca del Penedes op 4th"]
[Site "Vilafranca del Penedes"]
[Date "2010.04.16"]
[Round "1.4"]
[White "Montserrat Rubia, Angel"]
[Black "Codina Feixes, Josep"]
[Result "0-1"]
[WhiteElo "1717"]
[BlackElo "2148"]
[PlyCount "122"]
[EventDate "2010.04.16"]
[EventType "swiss"]
[EventRounds "8"]
[EventCountry "ESP"]
[SourceTitle "EXT 2024"]
[Source "ChessBase"]
[SourceDate "2023.10.10"]
[SourceVersion "1"]
[SourceVersionDate "2023.10.10"]
[SourceQuality "1"]

1. d4 d5 2. e3 Nf6 3. Bd3 c5 4. c3 Qd6 5. f4 Nc6 6. Nf3 g6 7. Ne5 Bg7 8. 0-0 0-0 9. Bd2 Ne4 10. Be1 f6 11. Nxc6 bxc6 12. Nd2 Bf5 13. Nxe4 Bxe4 14. Bxe4 dxe4 15. Bg3 Qd5 16. dxc5 Qxc5 17. Qd4 Qd5 18. Rad1 Qe6 19. Qc5 f5 20. Rd2 Bf6 21. Rfd1 Qxa2 22. Qxc6 Rab8 23. b4 Qb3 24. c4 Rxb4 25. Qc5 Qxc4 26. Qxa7 Ra4 27. Qb6 Ra6 28. Qb7 Ra2 29. Rxa2 Qxa2 30. Qd5+ Qxd5 31. Rxd5 Ra8 32. Rd1 Ra3 33. Bf2 h5 34. g3 Kf7 35. Kf1 Ke6 36. Ke2 Bc3 37. Kf1 Ra2 38. Kg2 Bd2 39. Kf1 Rb2 40. Ra1 Rb6 41. Ke2 Bc3 42. Rd1 Rb2+ 43. Kf1 Bb4 44. Ra1 Bc5 45. Rd1 Bb6 46. Ra1 Kd5 47. Rc1 Bc5 48. Rd1+ Kc4 49. Rc1+ Kb4 50. Be1+ Kb5 51. Bf2 Rb3 52. Ke2 Bb4 53. Rd1 Bc3 54. Be1 Rb2+ 55. Bd2 Kc4 56. Ke1 Bxd2+ 57. Rxd2 Rxd2 58. Kxd2 Kb3 59. Kd1 Kc3 60. Ke2 Kc2 61. h3 Kc3 0-1

[Event "Barceloneta op"]
[Site "Barcelona"]
[Date "2001.??.??"]
[Round "1"]
[White "Montserrat Rubia, Angel"]
[Black "Mestre Bellido, Hector"]
[Result "1-0"]
[WhiteElo "1925"]
[BlackElo "1800"]
[PlyCount "93"]
[EventDate "2001.09.29"]
[EventType "swiss"]
[EventRounds "9"]
[EventCountry "ESP"]
[SourceTitle "CBM 085 Extra"]
[Source "ChessBase"]
[SourceDate "2002.01.21"]
[SourceVersion "1"]
[SourceVersionDate "2002.01.21"]
[SourceQuality "1"]

1. e4 e5 2. Nf3 Nc6 3. d4 exd4 4. Nxd4 Nxd4 5. Qxd4 c5 6. Qd1 d6 7. Nc3 Nf6 8. Bc4 Be7 9. 0-0 0-0 10. Bg5 Nxe4 11. Bxe7 Qxe7 12. Re1 Nxc3 13. Rxe7 Nxd1 14. Rxd1 Bf5 15. Rxd6 Bxc2 16. Rxb7 Be4 17. Rc7 Bg6 18. Rxc5 Rac8 19. Rdc6 Rcd8 20. h3 Rd1+ 21. Kh2 Rd2 22. f3 Rxb2 23. Ra5 Rb6 24. Rc7 a6 25. Bxa6 h6 26. Bc4 Rd8 27. Raa7 Rf6 28. a4 Rb8 29. a5 Rd8 30. a6 h5 31. Rd7 Rc8 32. Rac7 Ra8 33. a7 Bf5 34. Rxf7 Be6 35. Rxf6 Bxc4 36. Rfc6 Bd5 37. Rc8+ Kf7 38. Rxa8 Bxc6 39. Rc8 Bd5 40. a8Q Bxa8 41. Rxa8 Kg6 42. Kg3 Kh6 43. Kf4 g6 44. Ra6 h4 45. Kg4 Kh7 46. Kg5 Kg7 47. Rxg6+ 1-0